000 00273nam a22001217a 4500
008 171215b xxu||||| |||| 00| 0 eng d
041 _aeng
080 _a101
100 _a24
101 _aFIL
245 _aFROM RELIGION TO PHILOSOPHY
_cCORNFORD.F.M
942 _2udc
_cBK
999 _c39010
_d39010